[Event "Superettan(Team Malmo-Burgsvik)"]
[Site "?"]
[Date "2010.10.23"]
[Round "1"]
[White "Fries Nielsen, Jens Ove"]
[Black "Malekian, Babak"]
[Result "1/2-1/2"]
[WhiteElo "2393"]
[BlackElo "2335"]
[PlyCount "130"]

1. d4 g6 2. e4 Bg7 3. Nc3 c6 4. Be3 d5 5. Qd2 Nf6 6. e5 Ng4 7. Bf4 f6 8. exf6
Nxf6 9. Bh6 O-O 10. Bxg7 Kxg7 11. Nf3 Bg4 12. Ne5 Nbd7 13. f3 Be6 14. Nxd7 Qxd7
15. Be2 Rae8 16. O-O Qc7 17. f4 Bf5 18. Bf3 e6 19. h3 h5 20. Rac1 h4 21. Qe3 b6
22. Be2 c5 23. Nb5 Qe7 24. Qe5 Rd8 25. Bf3 a6 26. Nc3 Qd6 27. Qe3 Rc8 28. Rfd1
cxd4 29. Rxd4 b5 30. a3 Qb6 31. Be2 Rc6 32. Kh2 Rfc8 33. Qe5 Qc7 34. Qxc7+
R8xc7 35. a4 bxa4 36. Rxa4 Rb7 37. Ra2 Rb4 38. Bxa6 Rxf4 39. Ne2 Rf2 40. Bd3
Bxd3 41. cxd3 Rxc1 42. Nxc1 Rc2 43. Nb3 e5 44. Ra7+ Kh6 45. Re7 Rxb2 46. Nc5
Rb5 47. Ne6 Nh5 48. Re8 g5 49. Rh8+ Kg6 50. Nf8+ Kg7 51. Rxh5 Kxf8 52. Rxg5 d4
53. Rh5 Kf7 54. Kg1 Kg6 55. Rxh4 Rb3 56. Rg4+ Kf6 57. Rg3 e4 58. Kf1 exd3 59.
Rg4 Ke5 60. Ke1 Rb2 61. h4 Kd5 62. Rg8 Ke4 63. Re8+ Kf4 64. Rf8+ Ke3 65. Re8+
Kf4 1/2-1/2

[Event "Superettan(Team Malmo-Burgsvik)"]
[Site "?"]
[Date "2010.10.23"]
[Round "1"]
[White "Nilsson, Anders"]
[Black "Fries Nielsen, Niels J"]
[Result "0-1"]
[WhiteElo "2284"]
[BlackElo "2403"]
[PlyCount "68"]

1. d4 Nf6 2. c4 c5 3. d5 b5 4. cxb5 a6 5. Nc3 d6 6. e4 g6 7. bxa6 Bg7 8. Bb5+
Bd7 9. Bxd7+ Nfxd7 10. Nf3 Qb6 11. O-O O-O 12. Re1 Nxa6 13. Re2 Nb4 14. Bg5
Rfe8 15. a3 Na6 16. Qa4 Qb7 17. Rd1 Nb6 18. Qb3 Rab8 19. Bf4 Nd7 20. Qc2 Qb3
21. Qxb3 Rxb3 22. e5 g5 23. e6 fxe6 24. dxe6 Nf8 25. Bxg5 Bxc3 26. bxc3 Nc7 27.
Rde1 Rxc3 28. Nh4 Rxa3 29. Nf5 Nfxe6 30. Bxe7 Nd4 31. Nh6+ Kg7 32. Bf6+ Kxf6
33. Rxe8 Nxe8 34. Ng4+ Kf7 0-1

[Event "Superettan(Team Malmo-Burgsvik)"]
[Site "?"]
[Date "2010.10.23"]
[Round "1"]
[White "Andersson, Bjorn"]
[Black "Lindahl, Jonas"]
[Result "1-0"]
[WhiteElo "2304"]
[BlackElo "2250"]
[PlyCount "77"]

1. e4 e6 2. d4 d5 3. e5 c5 4. c3 Bd7 5. Nf3 Qb6 6. a3 cxd4 7. cxd4 Bb5 8. Bxb5+
Qxb5 9. Nc3 Qa6 10. Bd2 Nd7 11. Rb1 Ne7 12. a4 Nc6 13. Nb5 Qb6 14. Bc3 a6 15.
Na3 Be7 16. O-O O-O 17. Qd3 Rac8 18. Nc2 Qb3 19. Ra1 Nb4 20. Nxb4 Bxb4 21. Nd2
Rxc3 22. Qb1 Qc2 23. bxc3 Qxc3 24. Nf3 Rc8 25. Rc1 Qxc1+ 26. Qxc1 Rxc1+ 27.
Rxc1 Kf8 28. Rc7 Ke7 29. Ng5 Kd8 30. Rxb7 Bc3 31. Nf3 a5 32. Kf1 Kc8 33. Rb1
Bb4 34. Ne1 Nb6 35. Nc2 Nc4 36. Ke2 Be7 37. Ne3 Ba3 38. Rb3 Bb4 39. Nxc4 1-0

[Event "Superettan(Team Malmo-Burgsvik)"]
[Site "?"]
[Date "2010.10.23"]
[Round "1"]
[White "Johansson, Thomas"]
[Black "Scheid, Adam"]
[Result "1-0"]
[WhiteElo "2255"]
[BlackElo "1962"]
[PlyCount "119"]

1. d4 d5 2. c4 e6 3. cxd5 exd5 4. Nc3 Nf6 5. Bg5 c6 6. Qc2 Be7 7. e3 O-O 8. Bd3
h6 9. Bh4 b6 10. Nf3 Ba6 11. Ne5 Bxd3 12. Qxd3 Nfd7 13. Bxe7 Nxe5 14. dxe5 Qxe7
15. f4 Nd7 16. O-O-O Nc5 17. Qd4 f6 18. e4 fxe5 19. fxe5 Qg5+ 20. Kb1 Ne6 21.
Qa4 Qxe5 22. exd5 cxd5 23. Rxd5 Qf4 24. Qc2 Rad8 25. Re1 Qxh2 26. Qb3 Nc5 27.
Rxc5+ Kh8 28. Rd5 Qxg2 29. Rxd8 Rxd8 30. Qf7 Qd2 31. Rg1 Qd4 32. Rh1 b5 33. Rd1
Qh4 34. Rxd8+ Qxd8 35. Nd5 b4 36. Kc2 a5 37. Kb3 Qd6 38. Ka4 Qc6+ 39. Kxa5 Qc5+
40. Ka4 Qc2+ 41. b3 Qxa2+ 42. Kxb4 Qd2+ 43. Kb5 Qd3+ 44. Ka4 Qa6+ 45. Kb4 Qd3
46. Ne7 Qd2+ 47. Kc5 Qe3+ 48. Kd6 Qd3+ 49. Kc7 Qc3+ 50. Kd7 Qd3+ 51. Qd5 Qxd5+
52. Nxd5 g5 53. b4 h5 54. b5 Kg7 55. b6 Kg6 56. b7 h4 57. b8=Q Kh5 58. Nf6+ Kh6
59. Ke6 h3 60. Kf5 1-0

[Event "Superettan(Team Malmo-Burgsvik)"]
[Site "?"]
[Date "2010.10.23"]
[Round "1"]
[White "Akerman, Axel"]
[Black "Malmqvist, Glenn"]
[Result "0-1"]
[WhiteElo "2128"]
[BlackElo "2226"]
[PlyCount "108"]
[EventDate "2010.??.??"]
[SourceDate "2010.11.09"]

1. e4 c6 2. d4 d5 3. e5 Bf5 4. Nf3 e6 5. Be2 Nd7 6. O-O Bg4 7. Nbd2 Nh6 8. Nb3
Nf5 9. a4 Be7 10. Ne1 Bxe2 11. Qxe2 Qb6 12. a5 Qb5 13. Qd1 h5 14. c3 c5 15. Nf3
Rc8 16. Re1 Rc6 17. dxc5 Bxc5 18. Nbd4 Bxd4 19. Nxd4 Nxd4 20. cxd4 Rc4 21. Re3
Nb8 22. b3 Rc8 23. Rg3 g6 24. Ba3 Nc6 25. Bd6 Ne7 26. Bc5 Nf5 27. Rc3 Kd7 28.
Qc2 Qa6 29. Ra2 Rc6 30. h3 h4 31. b4 Rhc8 32. Raa3 Qb5 33. Bxa7 Qxb4 34. Rxc6
Rxc6 35. Qb3 Rc4 36. Bc5 Qxb3 37. Rxb3 Nxd4 38. Bxd4 Rxd4 39. Rxb7+ Kc6 40.
Rxf7 Rd1+ 41. Kh2 d4 42. a6 Kd5 43. f4 d3 44. Rd7+ Ke4 45. g4 hxg3+ 46. Kxg3
Ke3 47. Kh4 d2 48. a7 Ra1 49. Kg5 Rxa7 50. Rd8 Ra4 51. Rxd2 Kxd2 52. h4 Ke3 53.
Kxg6 Kxf4 54. Kf6 Ra5 0-1

[Event "Superettan(Team Malmo-Burgsvik)"]
[Site "?"]
[Date "2010.10.23"]
[Round "1"]
[White "Petkovic, Peter"]
[Black "Gannholm, Ingvar"]
[Result "1/2-1/2"]
[WhiteElo "2166"]
[BlackElo "1937"]
[PlyCount "27"]

1. e4 e6 2. d4 d5 3. Nd2 f5 4. exf5 exf5 5. Ngf3 Nf6 6. Ne5 Bd6 7. Bd3 O-O 8.
O-O c5 9. c3 Nc6 10. Ndf3 Ne4 11. Nxc6 bxc6 12. dxc5 Nxc5 13. Be2 f4 14. c4
1/2-1/2

[Event "Superettan(Team Malmo-Burgsvik)"]
[Site "?"]
[Date "2010.10.23"]
[Round "1"]
[White "Linusson, Lasse"]
[Black "Jonsson, Lennart"]
[Result "1/2-1/2"]
[WhiteElo "1957"]
[BlackElo "2103"]
[PlyCount "104"]

1. e4 c5 2. Nf3 g6 3. d4 Bg7 4. c3 cxd4 5. cxd4 d6 6. Nc3 Nf6 7. Bb5+ Nfd7 8.
Be3 O-O 9. O-O a6 10. Ba4 Nf6 11. Bc2 Bg4 12. h3 Bxf3 13. Qxf3 Nc6 14. Rfd1 Nd7
15. Qe2 Rc8 16. Rac1 b5 17. Qd2 Re8 18. Ne2 e6 19. Bh6 Bf6 20. Be3 Nb6 21. b3
Bg7 22. f4 Ne7 23. Ng3 f5 24. Kh1 fxe4 25. Bxe4 Nbd5 26. Ne2 b4 27. Rc4 Nf5 28.
Bf2 a5 29. Rdc1 Rxc4 30. Rxc4 Nf6 31. Bc6 Rf8 32. Bf3 d5 33. Rc6 Nd6 34. Qd3
Nfe4 35. Bg1 g5 36. fxg5 Qxg5 37. Qe3 Qh4 38. Bg4 Bh6 39. g3 Qf6 40. Qd3 Qf1
41. Kh2 Nf2 42. Bxe6+ Kh8 43. Qc2 Be3 44. Rxd6 Nd1 45. Bf5 Bxg1+ 46. Nxg1 Ne3
47. Qe2 Qxe2+ 48. Nxe2 Nxf5 49. Rxd5 Ne3 50. Rxa5 Rf2+ 51. Kg1 Rxe2 52. Rb5 Nc2
1/2-1/2

[Event "Superettan(Team Malmo-Burgsvik)"]
[Site "?"]
[Date "2010.10.23"]
[Round "1"]
[White "Danielsson, Dominik"]
[Black "Gumpert, Leo"]
[Result "0-1"]
[WhiteElo "1921"]
[BlackElo "1766"]
[PlyCount "110"]

1. c4 Nf6 2. Nc3 g6 3. g3 c5 4. Bg2 Bg7 5. Nf3 O-O 6. O-O Nc6 7. d3 d6 8. Rb1
Rb8 9. a3 a6 10. b4 cxb4 11. axb4 b5 12. Ne1 Qc7 13. cxb5 axb5 14. Bd2 Bd7 15.
Nc2 Rfc8 16. Ne3 Nd4 17. Ned5 Nxd5 18. Nxd5 Qd8 19. e3 Ne6 20. e4 h6 21. f4 Nd4
22. Ne3 e6 23. h3 Rc7 24. e5 dxe5 25. fxe5 Bc6 26. Ng4 Nf5 27. Bxc6 Rxc6 28.
Qf3 Rc7 29. Kh2 Rd7 30. Rf2 Rxd3 31. Be3 Qd5 32. Qxd5 Rxd5 33. Bc5 Rbd8 34.
Nf6+ Bxf6 35. exf6 Nd6 36. Re1 Nc4 37. Rxe6 Rxc5 38. bxc5 fxe6 39. f7+ Kf8 40.
Rf6 Kg7 41. Rxe6 Kxf7 42. Rc6 Rb8 43. Rc7+ Kf6 44. Ra7 Rc8 45. Ra6+ Kf5 46. c6
Nd6 47. Kg2 Ke5 48. Kf2 Kd5 49. Ke2 Rxc6 50. Ra3 b4 51. Rd3+ Kc4 52. Rd1 Ne4
53. Rg1 b3 54. Kd1 Ra6 55. Ke2 Nc3+ 0-1

[Event "Superettan(Rockaden,Umea-Wasa)"]
[Site "?"]
[Date "2010.10.23"]
[Round "1"]
[White "Wedberg, Tom"]
[Black "Wickstrom, Lucas"]
[Result "1/2-1/2"]
[WhiteElo "2562"]
[BlackElo "2301"]
[PlyCount "63"]

1. e4 c5 2. Nf3 Nc6 3. d4 cxd4 4. Nxd4 e5 5. Nb5 d6 6. c4 f5 7. exf5 Bxf5 8.
Bd3 Be6 9. O-O Be7 10. N1c3 a6 11. Na3 Nf6 12. Bg5 O-O 13. Bxf6 Rxf6 14. Be4
Rh6 15. Bd5 Bxd5 16. Qxd5+ Kh8 17. Nc2 Qe8 18. Ne4 Qh5 19. h3 Rf8 20. Qd1 Qg6
21. Qg4 Qf7 22. Qe2 Rg6 23. Rad1 Nd8 24. Ng3 Ne6 25. Qe4 b5 26. cxb5 axb5 27.
Qd5 h5 28. Ne3 Rf6 29. Ne4 Rg6 30. Ng3 Rf6 31. Ne4 Rg6 32. Ng3 1/2-1/2

[Event "Superettan(Rockaden,Umea-Wasa)"]
[Site "?"]
[Date "2010.10.23"]
[Round "1"]
[White "Forsberg, Viktor"]
[Black "Astrom, Goran"]
[Result "1/2-1/2"]
[WhiteElo "2359"]
[BlackElo "2330"]
[PlyCount "46"]

1. Nf3 c5 2. c4 Nf6 3. Nc3 e6 4. g3 b6 5. Bg2 Bb7 6. O-O Be7 7. d4 cxd4 8. Qxd4
d6 9. Rd1 a6 10. b3 Nbd7 11. e4 Qc8 12. Bb2 O-O 13. h3 Rd8 14. Rac1 Qc7 15. Qe3
Rac8 16. Nd2 Qb8 17. Qe2 Bf8 18. f4 Nc5 19. b4 Ncd7 20. a3 g6 21. Bf3 Bg7 22.
Kg2 Bc6 23. Nb3 Ba8 1/2-1/2

[Event "Superettan(Rockaden,Umea-Wasa)"]
[Site "?"]
[Date "2010.10.23"]
[Round "1"]
[White "Collett, Peter"]
[Black "Malmstig, Erik"]
[Result "1/2-1/2"]
[WhiteElo "2285"]
[BlackElo "2310"]
[PlyCount "87"]

1. d4 Nf6 2. c4 e6 3. Nc3 Bb4 4. Qc2 d5 5. a3 Bxc3+ 6. Qxc3 Ne4 7. Qc2 c5 8.
dxc5 Nc6 9. Nf3 Qa5+ 10. Bd2 Qxc5 11. e3 Nxd2 12. Qxd2 dxc4 13. Qc3 O-O 14.
Qxc4 Qb6 15. Qb5 Qc7 16. Bd3 Rd8 17. O-O Rd5 18. Qc4 Qb6 19. b4 a5 20. b5 Na7
21. a4 Bd7 22. Rfd1 Qd6 23. Qb3 Be8 24. Be4 Rxd1+ 25. Rxd1 Qb6 26. Ne5 Nc8 27.
Qd3 f5 28. Bf3 Ne7 29. Nc4 Qc7 30. Qd4 Rc8 31. Nb6 e5 32. Qd6 Qxd6 33. Rxd6
Rc1+ 34. Rd1 Rxd1+ 35. Bxd1 Bf7 36. Bc2 e4 37. Kf1 Nd5 38. Nxd5 Bxd5 39. h4 Kf7
40. Ke1 Ke6 41. Kd2 Kd6 42. Kc3 Kc5 43. g3 h6 44. Bd1 1/2-1/2

[Event "Superettan(Rockaden,Umea-Wasa)"]
[Site "?"]
[Date "2010.10.23"]
[Round "1"]
[White "Hammar, Ulf"]
[Black "Wenzel, Birger"]
[Result "1-0"]
[WhiteElo "2281"]
[BlackElo "2235"]
[PlyCount "91"]

1. d4 Nf6 2. Bg5 d5 3. e3 c6 4. Bxf6 exf6 5. g3 Bd6 6. Bg2 O-O 7. Ne2 Nd7 8.
O-O f5 9. b3 Nf6 10. c4 Be6 11. c5 Bc7 12. Nbc3 Ne4 13. b4 Re8 14. b5 Ba5 15.
Qc2 Rc8 16. Rab1 b6 17. Nxe4 fxe4 18. Rfc1 Re7 19. Nf4 Rec7 20. Nxe6 fxe6 21.
Bh3 Qe8 22. Qa4 Kf7 23. Bf1 cxb5 24. Bxb5 Qe7 25. Ba6 Rd8 26. Rb5 h5 27. Rb2
Qd7 28. Bb5 Qe7 29. Rf1 Qg5 30. h4 Qh6 31. f4 Qf6 32. Rc2 Rdc8 33. Ba6 Rd8 34.
cxb6 Bxb6 35. Rxc7+ Bxc7 36. Be2 Qg6 37. g4 Bb6 38. f5 exf5 39. Rxf5+ Kg8 40.
Rxh5 Qf6 41. Qb3 Qd6 42. Qxd5+ Qxd5 43. Rxd5 Re8 44. Bc4 Kh7 45. Rh5+ Kg6 46.
Rg5+ 1-0

[Event "Superettan(Rockaden,Umea-Wasa)"]
[Site "?"]
[Date "2010.10.23"]
[Round "1"]
[White "Eriksson, Jorgen"]
[Black "Marchand, Erick"]
[Result "1-0"]
[WhiteElo "2267"]
[BlackElo "2082"]
[PlyCount "87"]
[EventDate "2010.??.??"]

1. d4 d5 2. Nf3 Nf6 3. c4 e6 4. Nc3 Be7 5. g3 O-O 6. Bg2 b6 7. O-O Bb7 8. Ne5
Nbd7 9. Bf4 c6 10. Rc1 Nxe5 11. dxe5 Nd7 12. cxd5 exd5 13. e4 dxe4 14. Nxe4 Nc5
15. Nxc5 Bxc5 16. Qh5 Qe8 17. Rfe1 a5 18. Qg4 Bc8 19. Qf3 Bd7 20. a3 Rc8 21.
Qd3 Be6 22. Be4 h6 23. Be3 Bxe3 24. Qxe3 c5 25. Rcd1 Rd8 26. Rd2 Qb5 27. Red1
Rxd2 28. Rxd2 Re8 29. f4 Qb3 30. Kf2 Qxe3+ 31. Kxe3 g6 32. Rd6 Rb8 33. Bxg6 Kf8
34. Be4 Ke7 35. f5 Bb3 36. Rxh6 b5 37. Rc6 c4 38. Rc7+ Kf8 39. f6 Rd8 40. Bf5
b4 41. axb4 axb4 42. Rc8 Rxc8 43. Bxc8 Ba4 44. Ba6 1-0

[Event "Superettan(Rockaden,Umea-Wasa)"]
[Site "?"]
[Date "2010.10.23"]
[Round "1"]
[White "Safholm, Sten"]
[Black "Lindgren, Fredrik"]
[Result "0-1"]
[WhiteElo "2043"]
[BlackElo "2246"]
[PlyCount "46"]

1. e4 e5 2. Nf3 Nc6 3. Bb5 a6 4. Ba4 Nf6 5. O-O b5 6. Bb3 Bc5 7. d3 d6 8. c3
O-O 9. Nbd2 Bb6 10. Re1 Ng4 11. Re2 Na5 12. h3 Nxb3 13. Nxb3 Nf6 14. d4 d5 15.
Nxe5 dxe4 16. Bg5 Qd5 17. Qe1 Nh5 18. Rxe4 Bb7 19. f3 f6 20. Rh4 fxe5 21. Rxh5
Rxf3 22. Qh4 Raf8 23. gxf3 Qxf3 0-1

[Event "Superettan(Rockaden,Umea-Wasa)"]
[Site "?"]
[Date "2010.10.23"]
[Round "1"]
[White "Isaksson, Henrik"]
[Black "Ohrn, Stellan"]
[Result "1-0"]
[WhiteElo "2132"]
[BlackElo "1980"]
[PlyCount "65"]
[EventDate "2010.??.??"]

1. Nf3 d5 2. c4 d4 3. g3 c5 4. Bg2 Nc6 5. O-O e5 6. d3 Be7 7. e3 Nf6 8. exd4
exd4 9. Re1 O-O 10. a3 Bf5 11. Bf4 Bd6 12. Bg5 h6 13. Bxf6 Qxf6 14. Nh4 Bh7 15.
Be4 Rfe8 16. Nd2 g5 17. Nhf3 Bxe4 18. Nxe4 Qg6 19. h4 Be7 20. hxg5 hxg5 21. g4
f6 22. Kg2 Kf7 23. Ng3 Bd6 24. Nf5 Bf4 25. Qb3 b6 26. Qa4 Rxe1 27. Rxe1 Rc8 28.
b4 Rc7 29. bxc5 bxc5 30. Qb5 Ne5 31. Nxe5+ Bxe5 32. Rh1 Rc8 33. Qd7+ 1-0

[Event "Superettan(Rodeby-Mark)"]
[Site "?"]
[Date "2010.10.23"]
[Round "1"]
[White "Abdollahzadeh, Arash"]
[Black "Svensson, Bo Anders"]
[Result "0-1"]
[WhiteElo "2302"]
[BlackElo "2339"]
[PlyCount "78"]
[EventDate "2010.??.??"]

1. e4 c5 2. Nf3 e6 3. d4 cxd4 4. Nxd4 Nc6 5. Nc3 Qc7 6. Be3 a6 7. Be2 b5 8. O-O
Nf6 9. a3 Bb7 10. f4 Bc5 11. Nf5 Ne7 12. Bxc5 Qxc5+ 13. Qd4 Qxd4+ 14. Nxd4 Nxe4
15. Bf3 Nc5 16. b4 Bxf3 17. Nxf3 Nb7 18. a4 bxa4 19. Nxa4 Nd5 20. Ne5 f6 21.
Nd3 a5 22. b5 Rc8 23. Rfc1 Nc3 24. Nxc3 Rxc3 25. Nb2 Ke7 26. Nd1 Rc5 27. c4
Rhc8 28. Ne3 d5 29. Ra4 d4 30. Nf1 e5 31. fxe5 fxe5 32. Re1 Rxc4 33. Rxc4 Rxc4
34. Rxe5+ Kd6 35. Rg5 g6 36. Nd2 Rc1+ 37. Kf2 Nc5 38. Ke2 Rc2 39. Rg4 Nb3 0-1

[Event "Superettan(Rodeby-Mark)"]
[Site "?"]
[Date "2010.10.23"]
[Round "1"]
[White "Greiff, Hakan"]
[Black "Sixtensson, Mikael"]
[Result "1-0"]
[WhiteElo "2276"]
[BlackElo "2277"]
[PlyCount "61"]

1. e4 g6 2. d4 c5 3. Nf3 cxd4 4. Nxd4 Bg7 5. Nc3 Nc6 6. Be3 Nf6 7. Bc4 O-O 8.
Bb3 d6 9. h3 Qa5 10. O-O Nxd4 11. Bxd4 Be6 12. Nd5 Bxd5 13. exd5 Rac8 14. Re1
Rfe8 15. Bc3 Qc5 16. Bd4 Qa5 17. Qf3 Nd7 18. Bxg7 Kxg7 19. Re2 Nc5 20. Rae1 Rc7
21. h4 Qb4 22. h5 Nxb3 23. axb3 Rxc2 24. Re4 Qa5 25. h6+ Kf8 26. b4 Qd8 27. Qd3
Rc7 28. Qd4 f6 29. g4 b5 30. b3 Rc2 31. g5 1-0

[Event "Superettan(Rodeby-Mark)"]
[Site "?"]
[Date "2010.10.23"]
[Round "1"]
[White "Oskarsson, Bo-Lennart"]
[Black "Laksman, Efraim"]
[Result "0-1"]
[WhiteElo "2207"]
[BlackElo "2241"]
[PlyCount "86"]
[EventDate "2010.??.??"]

1. e4 c5 2. Nc3 Nc6 3. g3 g6 4. Bg2 Bg7 5. d3 d6 6. f4 Nf6 7. Nf3 Bg4 8. h3
Bxf3 9. Qxf3 Nd4 10. Qf2 e6 11. O-O O-O 12. Be3 Nd7 13. Nd1 Qb6 14. c3 Nc6 15.
f5 Qa6 16. Qd2 Nce5 17. Nf2 Kh8 18. Ng4 gxf5 19. exf5 Nxg4 20. hxg4 d5 21. Rae1
Qd6 22. Bh6 Qxg3 23. Bxg7+ Kxg7 24. Qg5+ Kh8 25. fxe6 fxe6 26. Qe7 Rxf1+ 27.
Rxf1 Qe3+ 28. Kh2 Qh6+ 29. Kg3 Ne5 30. Rf6 Qe3+ 31. Bf3 Qe1+ 32. Kh3 Qf1+ 33.
Bg2 Qxd3+ 34. Kh2 Nxg4+ 35. Kg1 Nxf6 36. Qxf6+ Kg8 37. Qxe6+ Kg7 38. Qe5+ Kg6
39. Bxd5 Qd1+ 40. Kg2 Rf8 41. Be4+ Kh6 42. Qh2+ Kg5 43. Qg3+ Qg4 0-1

[Event "Superettan(Rodeby-Mark)"]
[Site "?"]
[Date "2010.10.23"]
[Round "1"]
[White "Ostling, Hakan"]
[Black "Hautajarvi, Jukka"]
[Result "0-1"]
[WhiteElo "2273"]
[BlackElo "2177"]
[PlyCount "72"]

1. f4 d5 2. Nf3 Nf6 3. e3 Bf5 4. Be2 e6 5. O-O c5 6. d3 Nc6 7. Nbd2 Qc7 8. c3
Be7 9. Nh4 h5 10. h3 Bh7 11. Ndf3 Rd8 12. Ng5 Bg8 13. Bd2 c4 14. Qc2 cxd3 15.
Bxd3 Ne4 16. Nhf3 Nxd2 17. Nxd2 Bc5 18. Rae1 f6 19. Bg6+ Ke7 20. Nb3 Bb6 21.
Nf3 Qxf4 22. Kh1 Qg3 23. Nbd4 Ne5 24. Nxe5 fxe5 25. Ne2 Qg5 26. Rf3 h4 27. Ref1
e4 28. Rf7+ Bxf7 29. Rxf7+ Kd6 30. Qb3 Qxe3 31. Qb4+ Qc5 32. Qb3 Rhf8 33. Rxb7
Rf1+ 34. Kh2 Qg1+ 35. Nxg1 Bxg1+ 36. Kh1 Bf2+ 0-1

[Event "Superettan(Rodeby-Mark)"]
[Site "?"]
[Date "2010.10.23"]
[Round "1"]
[White "Svensson, Leif"]
[Black "Bernhardsson, Sten"]
[Result "1/2-1/2"]
[WhiteElo "2129"]
[BlackElo "2073"]
[PlyCount "50"]

1. d4 d5 2. Nc3 Nf6 3. Bg5 Bf5 4. e3 c6 5. Bd3 Bxd3 6. cxd3 Qa5 7. Nf3 e6 8.
O-O Be7 9. e4 dxe4 10. dxe4 Nbd7 11. Qc2 h6 12. Bd2 Qh5 13. e5 Nd5 14. Nxd5
exd5 15. h3 O-O 16. Qb3 Rab8 17. Bb4 Bxb4 18. Qxb4 Qf5 19. Rfe1 Rfe8 20. Re3 f6
21. Rae1 fxe5 22. Nxe5 Nxe5 23. dxe5 Qe6 24. f4 b6 25. Qa4 c5 1/2-1/2

[Event "Superettan(Rodeby-Mark)"]
[Site "?"]
[Date "2010.10.23"]
[Round "1"]
[White "Persson, Jan"]
[Black "Olofsson, Hans-Erik"]
[Result "1-0"]
[WhiteElo "2063"]
[BlackElo "2118"]
[PlyCount "86"]

1. c4 Nf6 2. Nc3 g6 3. g3 Bg7 4. Bg2 O-O 5. d3 c5 6. Bg5 h6 7. Bd2 Nc6 8. Qc1
Kh7 9. h4 d6 10. h5 g5 11. Nh3 Ng8 12. Ne4 f6 13. e3 e5 14. f4 g4 15. Nhf2 f5
16. Nc3 exf4 17. gxf4 Nf6 18. Ne2 Be6 19. Ng3 Qd7 20. Bc3 Rae8 21. e4 Bf7 22.
O-O fxe4 23. Bxe4+ Nxe4 24. Nfxe4 Nd4 25. Qd2 Nf3+ 26. Rxf3 gxf3 27. Bxg7 Rxe4
28. Bxf8 Re2 29. Nxe2 Qg4+ 30. Ng3 Qxg3+ 31. Kf1 Bxh5 32. Qf2 Qh3+ 33. Kg1 Qg4+
34. Kh1 Qxf4 35. Bxd6 Qxd6 36. Re1 Qf6 37. Re4 Bg6 38. Re3 Bh5 39. Kg1 Qf5 40.
Re7+ Kh8 41. Qg3 Bf7 42. Qe5+ Qxe5 43. Rxe5 Bg6 1-0

[Event "Superettan(Rodeby-Mark)"]
[Site "?"]
[Date "2010.10.23"]
[Round "1"]
[White "Forsberg, Timmy"]
[Black "Dolgov, Mikhail"]
[Result "1-0"]
[WhiteElo "2117"]
[BlackElo "1991"]
[PlyCount "81"]

1. d4 f5 2. Nc3 Nf6 3. Bg5 b6 4. Bxf6 exf6 5. e3 Bb7 6. Nf3 d5 7. Bd3 Qd7 8. a3
a5 9. h4 Ba6 10. Bxa6 Nxa6 11. h5 c6 12. Qd3 Bd6 13. g3 Kf7 14. Nh4 g6 15. g4
Nc7 16. O-O-O Rag8 17. hxg6+ hxg6 18. gxf5 gxf5 19. Nxf5 Ke8 20. Rdg1 Rxh1 21.
Rxh1 Kd8 22. Na4 b5 23. Nxd6 Qxd6 24. Nc5 Kc8 25. Qf5+ Kb8 26. Qxf6 Qxf6 27.
Nd7+ Kb7 28. Nxf6 Rf8 29. Rh6 b4 30. a4 Rf7 31. Kd2 c5 32. dxc5 Ne6 33. Rh7
Rxh7 34. Nxh7 Nxc5 35. b3 Ne4+ 36. Ke2 Kc6 37. f3 Nd6 38. Nf6 Nf5 39. Nxd5 Kxd5
40. e4+ Kd4 41. exf5 1-0

[Event "Superettan(Rodeby-Mark)"]
[Site "?"]
[Date "2010.10.23"]
[Round "1"]
[White "Eriksson, Bengt"]
[Black "Frisk, Anders"]
[Result "1-0"]
[WhiteElo "2021"]
[BlackElo "1821"]
[PlyCount "79"]

1. d4 f5 2. Nc3 Nf6 3. Bg5 g6 4. Bxf6 exf6 5. e3 d5 6. Bd3 c6 7. Qf3 Be6 8. h4
h5 9. Nge2 Nd7 10. Qg3 Bf7 11. f3 Qb6 12. e4 fxe4 13. fxe4 dxe4 14. Bxe4 f5 15.
Bf3 O-O-O 16. O-O-O Qc7 17. Qf2 Nf6 18. d5 c5 19. g3 a6 20. Kb1 Bd6 21. Qg2
Rhe8 22. Rhf1 Re3 23. Nf4 Bxf4 24. gxf4 Ng4 25. Qd2 Rde8 26. d6 Qd7 27. b3 Kb8
28. Na4 Rxf3 29. Rxf3 Qc6 30. Rc3 c4 31. Qd4 Re4 32. Qxe4 fxe4 33. d7 Qf6 34.
d8=Q+ Qxd8 35. Rxd8+ Ka7 36. Rd7 Be6 37. Re7 Bf5 38. Nc5 e3 39. Rxb7+ Ka8 40.
Re7 1-0

[Event "Superettan(Lulea-Orebro)"]
[Site "?"]
[Date "2010.10.23"]
[Round "1"]
[White "Gruvaeus, Curt"]
[Black "Astrom, Robert"]
[Result "0-1"]
[WhiteElo "2333"]
[BlackElo "2503"]
[PlyCount "104"]
[EventDate "2010.??.??"]

1. d4 Nf6 2. c4 e6 3. Nf3 Bb4+ 4. Bd2 Qe7 5. Nc3 O-O 6. Qc2 d5 7. e3 b6 8. Bd3
dxc4 9. Bxc4 Bb7 10. Bd3 c5 11. dxc5 Bxc5 12. a3 Nbd7 13. Rc1 Rac8 14. Qa4 a6
15. Qh4 Bxf3 16. gxf3 Ne5 17. Be2 Qb7 18. Ne4 Be7 19. O-O Ng6 20. Qg3 Nxe4 21.
fxe4 Bf6 22. b3 b5 23. Bb4 Rfe8 24. Qd6 Be7 25. Qd2 Qxe4 26. Rxc8 Rxc8 27. Bxe7
Nxe7 28. Qd7 Kf8 29. a4 Qc2 30. Rd1 g6 31. Rd2 Qxb3 32. axb5 axb5 33. Bxb5 Qb4
34. Rd4 Qb1+ 35. Kg2 Rb8 36. Bd3 Qb7+ 37. Kg3 Qxd7 38. Rxd7 Rb2 39. e4 Rd2 40.
f3 Nc6 41. Rc7 Nd4 42. Rc3 g5 43. Bc4 h6 44. h4 Kg7 45. hxg5 hxg5 46. f4 Re2
47. e5 Re4 48. fxg5 Rxe5 49. Kf4 Rc5 50. Ke3 Nc6 51. Rc2 Rxg5 52. Bd3 Nb4 0-1

[Event "Superettan(Lulea-Orebro)"]
[Site "?"]
[Date "2010.10.23"]
[Round "1"]
[White "Setterqvist, Kurt"]
[Black "Nygren, Kim"]
[Result "1-0"]
[WhiteElo "2330"]
[BlackElo "2327"]
[PlyCount "107"]
[EventDate "2010.??.??"]

1. Nf3 Nf6 2. g3 d5 3. Bg2 Nc6 4. d4 Bf5 5. O-O e6 6. c4 dxc4 7. Qa4 Nd7 8.
Qxc4 Nb6 9. Qb3 Be4 10. Be3 Bd5 11. Qd1 Be7 12. Nc3 Bf6 13. Nxd5 exd5 14. b3
O-O 15. Qd2 Re8 16. Rac1 Ne7 17. Ne5 Nf5 18. f4 Be7 19. Bf2 Ba3 20. Rc2 f6 21.
Nd3 a5 22. Nc5 Nd6 23. Qd3 f5 24. Qd1 c6 25. Nd3 Ne4 26. Ne5 Bd6 27. e3 Bxe5
28. fxe5 Qg5 29. Qc1 h5 30. Be1 Re6 31. Rf4 Nd7 32. Qd1 a4 33. h4 Qg6 34. Bh3
axb3 35. axb3 Rf8 36. Qf3 Nxe5 37. dxe5 Rxe5 38. Kh2 Qe6 39. Bc3 Nxc3 40. Rxc3
g6 41. Bg2 Re8 42. Rb4 Re7 43. Qf4 Kg7 44. Qd4 Kh7 45. Rb6 Qf6 46. b4 g5 47.
hxg5 Qxg5 48. Rxb7 Rxb7 49. Qxe5 h4 50. Rxc6 Rg7 51. Bh3 hxg3+ 52. Kg2 Rf7 53.
Rc8 Qf6 54. Bxf5+ 1-0

[Event "Superettan(Lulea-Orebro)"]
[Site "?"]
[Date "2010.10.23"]
[Round "1"]
[White "Drugge, Patrick"]
[Black "Engstrom, Kaj"]
[Result "0-1"]
[WhiteElo "2357"]
[BlackElo "2261"]
[PlyCount "96"]
[EventDate "2010.??.??"]

1. e4 c5 2. Nc3 e6 3. g3 a6 4. Bg2 Nc6 5. d3 b5 6. f4 b4 7. Nce2 d5 8. Be3 Nf6
9. h3 dxe4 10. dxe4 Bb7 11. e5 Nd5 12. Bf2 Qa5 13. Nf3 Rd8 14. Qc1 b3+ 15. c3
bxa2 16. O-O Be7 17. g4 O-O 18. Ng3 Qa4 19. f5 exf5 20. gxf5 f6 21. e6 Na5 22.
Nd2 Nf4 23. Bxb7 Nxb7 24. Nde4 Ne2+ 25. Nxe2 Qxe4 26. Ng3 Qa4 27. Nh5 Na5 28.
Qf4 Qe8 29. Qg4 g5 30. Rxa2 Nc6 31. Rxa6 Ne5 32. Qe2 Rd2 33. Nxf6+ Bxf6 34. Qe3
Rd3 35. Qxc5 Rxh3 36. e7 Qxe7 37. Qxe7 Bxe7 38. Re6 Bf6 39. Bc5 Rf7 40. Re8+
Kg7 41. Bd4 Nf3+ 42. Kg2 g4 43. Be3 Nh4+ 44. Kg1 Rg3+ 45. Kh1 Rg2 46. Ra1 Rxb2
47. Raa8 Rb1+ 48. Kh2 Be5+ 0-1

[Event "Superettan(Lulea-Orebro)"]
[Site "?"]
[Date "2010.10.23"]
[Round "1"]
[White "Almstrom, Martin"]
[Black "Lundin, Jan"]
[Result "0-1"]
[WhiteElo "2325"]
[BlackElo "2283"]
[PlyCount "42"]
[EventDate "2010.??.??"]

1. c4 e5 2. g3 Nc6 3. Bg2 f5 4. Nc3 Nf6 5. a3 g6 6. d3 Bg7 7. e4 d6 8. Nge2 O-O
9. exf5 Bxf5 10. h3 Qd7 11. Bg5 Rae8 12. Bxf6 Bxf6 13. Ne4 Nd4 14. g4 Bxe4 15.
Bxe4 Bh4 16. O-O Nf3+ 17. Kg2 Ng5 18. f3 c6 19. d4 Nxe4 20. fxe4 Rxf1 21. Qxf1
Rf8 0-1